| 000 | 00667nam a2200217Ia 4500 | ||
|---|---|---|---|
| 005 | 20250923150257.0 | ||
| 008 | 008 250917s9999 xx 000 0 eng d | ||
| 037 | _aTextual | ||
| 040 |
_aDSWL _beng _cDSWL |
||
| 041 |
_aeng _2eng |
||
| 084 |
_aY7:(L)0aT, P9 _qDSWL |
||
| 100 |
_aBensley, Robert J _9844200 |
||
| 245 | 0 |
_aCommunity health education methods : A practical guide _cby Robert J Bensley |
|
| 260 |
_aBoston _bJones & Bartlett Publishers _c2009 |
||
| 300 | _axxii,398 p. | ||
| 365 |
_aINR _b2098 . 0 |
||
| 650 |
_a Jodi BROOKINS-FISHER _9844201 |
||
| 925 | _g2098 . 0 | ||
| 942 |
_cTEXL _hY7:(L)0aT, P9 |
||
| 999 |
_c1461589 _d1461589 |
||